|
|
|
|
| LEADER |
01079nam a2200277 a 4500 |
| 001 |
13968936 |
| 008 |
120801s2004 bg b 001 0 eng d |
| 010 |
|
|
|a 2004312735
|
| 020 |
|
|
|a 9840517201
|
| 040 |
|
|
|a DLC
|c DLC
|d BD-DhAAL
|
| 041 |
0 |
|
|a eng
|a ben
|
| 042 |
|
|
|a lcode
|
| 043 |
|
|
|a a-bg---
|
| 082 |
0 |
0 |
|a 324.6/6/095492
|2 19
|
| 100 |
1 |
|
|a Ahmed, Nizam.
|
| 245 |
1 |
0 |
|a Non-party caretaker government in Bangladesh :
|b experience and prospect /
|c Nizam Ahmed.
|
| 260 |
|
|
|a Dhaka :
|b University Press Ltd.,
|c 2004.
|
| 300 |
|
|
|a xv, 206 p. ;
|c 22 cm.
|
| 541 |
1 |
|
|e 00025768
|
| 546 |
|
|
|a Includes appendices in Bengali.
|
| 504 |
|
|
|a Includes bibliographical references (p. [201]-204) and index.
|
| 650 |
|
0 |
|a Elections
|x corrupt practices
|z Bangladesh.
|
| 651 |
|
0 |
|a Bangladesh
|x Politics and government
|y 1971-
|
| 852 |
1 |
|
|a Ayesha Abed library
|c General Shelf
|
| 999 |
|
|
|c 12648
|d 12648
|
| 952 |
|
|
|0 0
|1 0
|2 ddc
|4 0
|6 324_660954920000000_AHM
|7 0
|9 20880
|a IGS
|b IGS
|c GEN
|d 2012-08-01
|e The University Press Limited
|g 350.00
|l 1
|m 2
|o 324.66095492 AHM
|p 3010025768
|r 2014-06-09
|s 2013-02-14
|t 1
|w 2012-08-01
|y BK
|